书目信息 |
| 题名: |
教你学记账
|
|
| 作者: | 刘国宁 主编 | |
| 分册: | ||
| 出版信息: | 上海 立信会计出版社 2009.01 |
|
| 页数: | 12, 232页 | |
| 开本: | 24cm | |
| 丛书名: | 教你学财会系列丛书 | |
| 单 册: | ||
| 中图分类: | F231.4 | |
| 科图分类: | ||
| 主题词: | 会计方法--kuai ji fang fa | |
| 电子资源: | ||
| ISBN: | 978-7-5429-2216-8 | |
| 000 | 01077nam 2200265 450 | |
| 001 | 012009610859 | |
| 005 | 20090919153611.76 | |
| 010 | @a978-7-5429-2216-8@dCNY32.00 | |
| 100 | @a20090919d2009 em y0chiy0120 ea | |
| 101 | 0 | @achi |
| 102 | @aCN@b310000 | |
| 105 | @aak z 000yy | |
| 106 | @ar | |
| 200 | 1 | @a教你学记账@Ajiao ni xue ji zhang@f刘国宁主编@Fliu guo ning zhu bian |
| 210 | @a上海@c立信会计出版社@d2009.01 | |
| 215 | @a12, 232页@c图@d24cm | |
| 225 | 2 | @a教你学财会系列丛书@Ajiao ni xue cai kuai xi lie cong shu |
| 300 | @a根据财政部《企业会计准则》与国家最新财税法律法规编写 | |
| 330 | @a这套《教你学财会》系列丛书,根据新的《企业会计准则》编写。结合作者多年的会计工作经验,系统地介绍了会计、出纳、报表编制、纳税等各项基本业务的核算与解决之道,并且通过大量实例说明相关的会计处理过程,具有较强的实战作用。《教你学记账》为“记账”教学篇。 | |
| 410 | 0 | @12001 @a教你学财会系列丛书 |
| 606 | 0 | @a会计方法@Akuai ji fang fa |
| 690 | @aF231.4@v4 | |
| 701 | 0 | @a刘国宁@Aliu guo ning@4主编 |
| 801 | 0 | @aCN@bQSSK@c20090919 |
| 905 | @b756990-91@dF231.4@eL614@f2 | |
| 教你学记账/刘国宁主编.-上海:立信会计出版社,2009.01 |
| 12, 232页:图;24cm.-(教你学财会系列丛书) |
| 根据财政部《企业会计准则》与国家最新财税法律法规编写 |
| ISBN 978-7-5429-2216-8:CNY32.00 |
| 这套《教你学财会》系列丛书,根据新的《企业会计准则》编写。结合作者多年的会计工作经验,系统地介绍了会计、出纳、报表编制、纳税等各项基本业务的核算与解决之道,并且通过大量实例说明相关的会计处理过程,具有较强的实战作用。《教你学记账》为“记账”教学篇。 |
| ● |
| 相关链接 |
|
|
|
正题名:教你学记账
索取号:F231.4/L614
 
预约/预借
| 序号 | 登录号 | 条形码 | 馆藏地/架位号 | 状态 | 备注 |
| 1 | 756990 | 207569905 | 社科二线422/409社科库 75排4列5层/ [索取号:F231.4/L614] | 在馆 | |
| 2 | 756991 | 207569914 | 社科库409/409社科库 75排4列5层/ [索取号:F231.4/L614] | 在馆 |